Indian literary criticism: Theory and interpretation (Record no. 5537)

MARC details
000 -LEADER
fixed length control field 00503nam a2200181Ia 4500
008 - FIXED-LENGTH DATA ELEMENTS--GENERAL INFORMATION
fixed length control field 230917s9999||||xx |||||||||||||| ||und||
020 ## - ISBN
Price RS 850.00
040 ## - CATALOGING SOURCE
-- 5007355
Original cataloging agency VIVEKANANDA LIBRARY
041 ## - Language
-- English
082 ## - DDC NUMBER
Classification number 820.9 I2I(3)
100 ## - MAIN ENTRY--PERSONAL NAME
Personal name Devy, G N, ed.
245 #0 - TITLE STATEMENT
Title Indian literary criticism: Theory and interpretation
250 ## - EDITION STATEMENT
Edition statement 3rd ed.
260 ## - PUBLICATION, DISTRIBUTION, ETC. (IMPRINT)
Place of publication, distribution, etc Hyderabad
Name of publisher, distributor, etc Orient Blackswan
Date of publication, distribution, etc 2020
300 ## - PHYSICAL DESCRIPTION
Pages xxiv, 365 p.
500 ## - GENERAL NOTE
General note 4553 15/02/2022 HBD22/9214 25/01/2022 Main Budget
942 ## - ADDED ENTRY ELEMENTS (KOHA)
Koha item type Books
Holdings
Withdrawn status Lost status Damaged status Not for loan Location (home branch) Sublocation or collection (holding branch) Date acquired Koha issues (times borrowed) Koha full call number Accession No. Koha date last seen Koha item type
        VIVEKANANDA LIBRARY VIVEKANANDA LIBRARY 27/03/2022 1 820.9 I2I(3) 400478 18/10/2024 Books
        VIVEKANANDA LIBRARY VIVEKANANDA LIBRARY 27/03/2022   820.9 I2I(3) 400835 17/09/2023 Books
        VIVEKANANDA LIBRARY VIVEKANANDA LIBRARY 27/03/2022   820.9 I2I(3) 400836 17/09/2023 Books
        VIVEKANANDA LIBRARY VIVEKANANDA LIBRARY 27/03/2022   820.9 I2I(3) 400837 17/09/2023 Books
© Designed and Maintained by Vivekananda Library, MDU Rohtak